000 00924nam a2200289 i 4500
001 bg
100 1 _aTolstoj, Lev Nikolaevič
_d(1828-1910).
245 1 0 _aAnna Karenina.
_nT. 1 /
_cLew Tołstoj.
246 1 _iTyt. oryg.:
_aAnna Karenina
260 _a[s.l.] :
_bMediasat Group,
_c2005.
300 _a446 [2] s. ;
_c21 cm.
490 1 _aBiblioteka Gazety Wyborczej : XIX wiek ;
_v28
500 _aTyt. oryg.: "Anna Karienina".
500 _aWyd. we współpr. merytorycznej z Zakładem Narodowym im. Ossolińskich - Wydawnictwo, Wrocław.
650 9 _aPowieść rosyjska
_y19 w.
830 0 _aBiblioteka Gazety Wyborczej ;
_v28
020 _a8498191645 (całość)
020 _a8498191999
040 _cBPK
041 1 _apol
_hrus
044 _aPOL
080 _a821.161.1-3
920 _a84-9819-164-5 (całość)
920 _a84-9819-199-9
942 _cKS
008 s pl f |000 0 pol
999 _c55715
_d55715
856 _uhttp://koha.tu.koszalin.pl/cgi-bin/koha/opac-detail.pl?biblionumber=55715
_yKatalog online BPK